Comuni della Provincia di Potenza - Statistics

Statistiche generali
  • Questo quiz è stato fatto 34 volte
  • Il punteggio medio è 39 su 100
Statistiche sulle risposte
Comune % Corretto
Potenza
95%
Melfi
84%
Maratea
74%
Venosa
74%
Picerno
68%
Avigliano
63%
Muro Lucano
63%
Pignola
63%
Tito
63%
Acerenza
58%
Balvano
58%
Lagonegro
58%
Lauria
58%
Lavello
58%
Ruoti
58%
Anzi
53%
Baragiano
53%
Bella
53%
Brienza
53%
Calvello
53%
Moliterno
53%
Pietragalla
53%
Pietrapertosa
53%
Rionero in Vulture
53%
Vietri di Potenza
53%
Castelmezzano
47%
Filiano
47%
Laurenzana
47%
Pescopagano
47%
Abriola
42%
Barile
42%
Brindisi Montagna
42%
Cancellara
42%
Chiaromonte
42%
Genzano di Lucania
42%
Marsico Nuovo
42%
Marsicovetere
42%
Noepoli
42%
Paterno
42%
Rapolla
42%
Rotonda
42%
Sasso di Castalda
42%
Senise
42%
Viggianello
42%
Viggiano
42%
Albano di Lucania
37%
Atella
37%
Banzi
37%
Castelsaraceno
37%
Episcopia
37%
Forenza
37%
Latronico
37%
Missanello
37%
Oppido Lucano
37%
San Fele
37%
Savoia di Lucania
37%
Tolve
37%
Trivigno
37%
Castelluccio Inferiore
32%
Corleto Perticara
32%
Fardella
32%
Gallicchio
32%
Ginestra
32%
Maschito
32%
Montemilone
32%
Nemoli
32%
Palazzo San Gervasio
32%
Rapone
32%
Ripacandida
32%
Ruvo del Monte
32%
San Costantino Albanese
32%
Satriano di Lucania
32%
Terranova di Pollino
32%
Trecchina
32%
Vaglio Basilicata
32%
Armento
26%
Calvera
26%
Campomaggiore
26%
Carbone
26%
Castelluccio Superiore
26%
Cersosimo
26%
Francavilla in Sinni
26%
Grumento Nova
26%
Montemurro
26%
Rivello
26%
San Severino Lucano
26%
Castelgrande
21%
Castronuovo di Sant'Andrea
21%
Roccanova
21%
San Chirico Raparo
21%
San Paolo Albanese
21%
Sant'Angelo Le Fratte
21%
Sant'Arcangelo
21%
Teana
21%
San Chirico Nuovo
16%
Guardia Perticara
11%
San Martino d'Agri
11%
Spinoso
11%
Sraconi
0%
Tremutola
0%
Nessun quiz corrispondente trovato
Distribuzione punteggi
Percentuale di utenti per punteggio
Percentile per numero di risposta
I tuoi punteggi nel tempo
Non hai fatto questo quiz